[Event "28th WSCC Open 65 2018"]
[Site "Bled"]
[Date "2018.11.18"]
[Round "1"]
[White "Myall, Ivan J"]
[Black "Tunik, Gennady"]
[Result "1/2-1/2"]
[WhiteElo "1995"]
[BlackElo "2365"]
[Annotator "TA"]
[PlyCount "108"]
[EventDate "2018.11.17"]
[EventType "swiss"]
[EventCountry "SLO"]
[SourceTitle "playchess.com"]
[Source "ChessBase"]
[SourceQuality "1"]

{[%evp 21,108,0,0,0,42,41,33,52,50,59,28,17,17,-11,-11,0,0,0,0,-29,0,0,53,0,0,0,0,0,0,0,12,0,0,0,0,-30,179,187,193,198,198,175,182,183,176,179,152,148,269,265,261,227,379,378,362,351,360,324,311,0,370,369,368,341,252,85,395,386,356,337,293,22,20,0,0,0,0,0,0,0,0,0,0,0,0,0,0,0,13]} 1. e4 c5 2. c3 Nf6 3. e5 Nd5 4. d4 cxd4 5. cxd4 d6 6. Nf3 Nc6 7. Bc4 Nb6 8. Bb5 dxe5 9. Nxe5 Bd7 10. Nc3 Nxe5 11. dxe5 Bxb5 12. Nxb5 {B22: Sicilian: 2 c3} a6 (12... Qxd1+ 13. Kxd1 Nd5 14. Bd2 e6 15. Rc1 Kd7 16. Ke2 Be7 17. Nc3 Nxc3+ 18. Rxc3 Rhc8 19. Rhc1 Rxc3 20. Rxc3 Rc8 21. Rxc8 Kxc8 {½-½ (45) Carlsson,P (2499)-Najer,E (2641) Czechia 2014}) 13. Be3 $1 axb5 14. Qxd8+ {White is slightly better.} Rxd8 15. Bxb6 Rd5 16. f4 g5 17. Rc1 $146 ({Predecessor:} 17. Kf2 Kd7 18. Rhd1 Ke6 19. Rxd5 Kxd5 {1-0 (54) Fingerov,D (2350)-Evelev,V (2433) chessassistantclub.com INT 2004}) 17... gxf4 18. O-O Kd7 19. Rc7+ Ke6 20. Rxb7 Bh6 21. Ba5 Bg5 (21... Bg7 $11) 22. Rb6+ (22. Be1 $1 $14 f3 23. Rxf3) 22... Kf5 $11 23. g3 Ra8 {Threatens to win with ...f3.} 24. Bc3 e6 25. Rb7 {And now h4 would win.} Rxa2 26. h4 ({Of course not} 26. Rxf7+ Kg6 $15) 26... b4 27. Rxb4 ({Don't play} 27. Bxb4 $6 Rxb2 28. hxg5 Kg4 $16) 27... Bh6 28. Rb8 Ra4 $2 (28... Rd3 $11 {and Black stays safe.} 29. Rg8 Ke4) 29. Rg8 $1 $18 Rd3 30. g4+ $1 Ke4 {[#]} 31. Re1+ $1 Re3 32. g5 Bxg5 33. Rxg5 Rxe1+ 34. Bxe1 {[%mdl 4096] Endgame KRB-KR} Ke3 (34... h6 $16 35. Rg7 Ke3) 35. Rg2 Ra1 36. Kf1 h5 $2 (36... Rb1 37. b4 f3) 37. b4 Rb1 38. Rc2 Ke4 39. Re2+ Kf3 40. Rc2 Ke4 41. Kf2 Kxe5 42. Rc5+ Ke4 43. Rxh5 $2 (43. Bc3 $18) 43... f5 $2 {[%mdl 8192]} (43... e5 $16 {is tougher.}) 44. Rh6 Rb2+ 45. Kf1 e5 {[#]} 46. Rd6 $2 (46. Re6 $1 $18) 46... Ke3 $1 $11 {The position is equal.} 47. Rd5 e4 48. h5 f3 49. Rxf5 Rh2 {[%cal Rh2h1]} 50. Rg5 {Strongly threatening Kg1.} Rh1+ 51. Rg1 Rxh5 52. Bf2+ Kf4 53. Rg8 Rh1+ 54. Rg1 Rh5 {Accuracy: White = 58%, Black = 50%.} 1/2-1/2

[Event "28th WSCC Open 65 2018"]
[Site "Bled"]
[Date "2018.11.18"]
[Round "1"]
[White "Krstic, Slobodan"]
[Black "Renman, Nils-Gustaf"]
[Result "0-1"]
[WhiteElo "1993"]
[BlackElo "2351"]
[Annotator "TA"]
[PlyCount "68"]
[EventDate "2018.11.17"]
[EventType "swiss"]
[EventCountry "SLO"]
[SourceTitle "playchess.com"]
[Source "ChessBase"]
[SourceQuality "1"]

{[%evp 9,68,-18,-15,-33,-5,-37,-37,-48,-38,-56,-47,-51,-43,-52,-37,-77,-76,-67,-68,-71,-66,-77,-95,-95,-63,-63,-50,-161,-122,-158,-160,-149,-100,-111,-78,-160,-163,-155,-161,-441,-465,-456,-452,-392,-387,-491,-436,-467,-457,-430,-386,-324,-280,-613,-601,-992,-668,-952,-634,-2052,-1915]} 1. g3 d5 2. Bg2 c6 3. d3 Nf6 4. Nd2 e5 5. c3 (5. Ngf3 Bd6 6. e4 dxe4 7. dxe4 O-O 8. O-O Qe7 9. b3 Bg4 10. Nc4 Bxf3 11. Qxd6 Qxd6 12. Nxd6 Bxg2 13. Kxg2 b6 14. Rd1 {1-0 (42) Duda,J (2717)-Wojtaszek,R (2736) Katowice 2017}) 5... Nbd7 6. Qc2 {A00: Irregular Openings} Bc5 $146 ({Predecessor:} 6... Bd6 7. e4 O-O 8. Ngf3 Re8 9. O-O a5 10. Re1 a4 11. Nf1 dxe4 12. dxe4 Nc5 {0-1 (37) De Graaf,D (2205)-Novkovic,M (2373) Bilbao 2014}) 7. e3 O-O 8. Ne2 {Black is slightly better.} a5 9. a4 Re8 10. O-O Bb6 11. d4 h5 12. h3 e4 13. c4 Nf8 {[%cal Bd7f8,Bf8e6,Be6g5,Bg5h3][%mdl 32]} 14. cxd5 cxd5 15. b3 Bf5 16. Ba3 Ne6 17. Rfc1 Qd7 18. Kh2 ({Better is} 18. h4 $15) 18... Bc7 19. Kh1 Rac8 20. Qd1 Ng5 21. h4 Nh3 22. Qe1 {[#]} (22. Qf1 $142) 22... g5 $1 $17 23. hxg5 Nxg5 24. Nf1 $2 (24. Qg1) 24... Bh3 $19 {( -> ...Bxg2+)} 25. Ng1 Bxg2+ 26. Kxg2 {[#]} h4 $1 {[%mdl 512]} 27. Qe2 (27. gxh4 Nf3) 27... hxg3 28. fxg3 Kg7 29. Ra2 Bb8 ({Not} 29... Rh8 30. Rac2 $19) 30. Rxc8 Rxc8 ({Resist} 30... Qxc8 31. b4 $19) 31. Rc2 $2 (31. b4) 31... Rh8 {Black is clearly winning.} 32. Qf2 Rh6 33. Rc1 Ng4 34. Rc2 Nxf2 {Accuracy: White = 30%, Black = 64%.} 0-1

[Event "28th WSCC Open 65 2018"]
[Site "Bled"]
[Date "2018.11.18"]
[Round "1"]
[White "Svensson, Soren"]
[Black "Lisenko, Alexander V"]
[Result "0-1"]
[WhiteElo "1987"]
[BlackElo "2334"]
[Annotator "TA"]
[PlyCount "128"]
[EventDate "2018.11.17"]
[EventType "swiss"]
[EventCountry "SLO"]
[SourceTitle "playchess.com"]
[Source "ChessBase"]
[SourceQuality "1"]

{[%evp 18,128,24,28,29,17,10,14,38,21,22,20,49,-37,-34,-36,-14,-10,-9,-20,-16,-50,-28,-54,0,-67,-25,-36,-15,-100,0,-11,-20,-37,-74,-164,-41,-134,30,11,73,57,123,110,180,140,145,120,168,164,237,243,270,264,231,155,199,193,181,186,263,214,199,134,238,200,173,133,118,112,122,75,80,0,115,95,100,2,8,18,7,-406,-263,-641,-270,-591,-582,-29977,80,-29978,-29979,-29977,-29978,-29975,-29976,-29976,-29977,-29977,-29978,-29978,-29979,-29979,-29980,-29980,-29981,-29981,-29982,-29981,-29983,-29982,-29983,-29981,-29982]} 1. d4 Nf6 2. c4 e6 3. Nf3 Bb4+ 4. Nbd2 O-O 5. a3 Bxd2+ 6. Bxd2 Ne4 7. Bf4 b6 {E11: Bogo-Indian} 8. e3 Bb7 9. Bd3 d6 10. O-O {LiveBook: 5 Games} Nd7 11. Qc2 f5 {[%cal Bf7f5,Bf5f4][%mdl 32]} 12. h3 Qe7 13. Bh2 Rf6 14. Nd2 Ng5 $146 ({Predecessor:} 14... Nxd2 15. Qxd2 {½-½ (73) Fier,A (2590)-Hoolt,S (2374) Rome 2016}) 15. e4 (15. Bg3 $14) 15... f4 $15 16. f3 c5 17. d5 Raf8 18. Rf2 Rh6 19. Kf1 a6 20. Rb1 Qf6 (20... Bc8 $15) 21. Bg1 (21. b4 $11) 21... Nf7 22. b4 Nfe5 23. Nb3 (23. bxc5 $11 {keeps the balance.} dxc5 24. Qb3) 23... Ba8 (23... exd5 $17 24. exd5 Nxd3 25. Qxd3 Ne5) 24. bxc5 dxc5 25. Rd2 g5 26. Be2 (26. Rf2 $17 {might work better.}) 26... exd5 (26... g4 $1 $19 {[%cal Rg4h3]} 27. hxg4 Rh1) 27. cxd5 ({Better is} 27. exd5 $15 g4 28. hxg4) 27... a5 $2 (27... g4 $1 $17 {[%cal Rg4h3]} 28. hxg4 Rh1) 28. Bb5 Qd6 (28... Rg6 $11) 29. Nc1 $16 Rg6 (29... Qe7 $14) 30. Nd3 Nxd3 (30... Bb7 $16 {was called for.}) 31. Qxd3 ({Don't play} 31. Bxd3 Bb7 $16) 31... Ne5 32. Qc3 Bb7 33. Rdb2 Ra8 {[#]} (33... h5 $142 34. Be2 Nd7) 34. Bf2 $1 $18 Ba6 {[#]} 35. Bxa6 $1 Rxa6 36. Qb3 Nd7 37. Be1 Ra8 38. Bc3 Re8 (38... Rc8 {was necessary.} 39. Qd1 Rd8) 39. Re2 Ne5 40. Qb5 (40. Rd2 $18) 40... Re7 (40... Rd8 $16 41. Kg1 h5) 41. Bxe5 Qxe5 42. Qb2 {Threatens to win with Qxe5.} Qd6 43. Qc3 h5 44. Rd1 Re5 45. Rb1 ({White should play} 45. Ke1 $16) 45... Qc7 (45... Re7 $11 {remains equal.}) 46. Qc4 Kh7 47. Rb5 (47. Rb3 $16) 47... g4 $11 48. hxg4 hxg4 {Hoping for ...Rh5.} 49. Qd3 $2 {[%mdl 8192]} (49. Ke1 $11 {and White has nothing to worry.}) 49... c4 50. Qd4 $2 (50. Rc2 Qd7 51. Qxc4 gxf3 52. Qc7 fxg2+ 53. Kg1 Qxc7 54. Rxc7+ Kh6 55. Rb1) 50... gxf3 (50... Rh5 $142 {aiming for ...Rh1+.} 51. Re1 Qe7) 51. gxf3 $2 (51. d6 {nothing else works.} fxe2+ 52. Kxe2 Qxd6 {[%mdl 64] Overworked Piece} 53. Qxd6 Rxe4+ 54. Kf3 Rxd6 55. Kxe4) 51... Rh5 $19 {( -> ...Rh1+)} 52. Rg2 {Strongly threatening Rxg6.} Rxg2 $2 (52... Rh1+ {mates} 53. Rg1 Rhxg1+ {[%mdl 64] Overworked Piece} 54. Qxg1 Rxg1+ 55. Kxg1 c3 56. Rb1 c2 57. Rc1 Qc3 {[%mdl 64] Double Attack} 58. Rxc2 Qxc2 59. d6 Qd1+ 60. Kf2 Qxd6 61. Ke2 Qxa3 62. e5 a4 63. e6 Qe3+ 64. Kd1 a3 65. Kc2 a2 66. Kb2 Qd2+ 67. Ka1 Qc2 68. e7 Qb1#) 53. Kxg2 $4 {[%mdl 12288] Endgame KQR-KQR} (53. d6 $16 Qf7 54. Rxh5+ Qxh5 55. Kxg2) 53... Qd7 {Black mates.} 54. Rxb6 Qh3+ 55. Kf2 Qg3+ 56. Ke2 Rh2+ 57. Kd1 Qxf3+ {[%mdl 64] Double Attack} 58. Kc1 Qxa3+ 59. Kd1 Qf3+ 60. Kc1 Rh1+ 61. Kc2 Qe2+ 62. Qd2 Qxe4+ 63. Kc3 Rh3+ 64. Kb2 c3+ {Accuracy: White = 42%, Black = 40%.} 0-1

[Event "28th WSCC Open 65 2018"]
[Site "Bled"]
[Date "2018.11.18"]
[Round "1"]
[White "Sciupokas, Arunas"]
[Black "Pushkov, Nikolai"]
[Result "1/2-1/2"]
[WhiteElo "1981"]
[BlackElo "2324"]
[Annotator "TA"]
[PlyCount "95"]
[EventDate "2018.11.17"]
[EventType "swiss"]
[EventCountry "SLO"]
[SourceTitle "playchess.com"]
[Source "ChessBase"]
[SourceQuality "1"]

{[%evp 23,95,-8,-4,-48,-19,-35,-45,-48,-38,-25,-34,-46,-36,-70,-69,-68,-65,-66,-60,-92,-60,-60,-67,-66,-52,-72,-68,-68,-62,-181,-177,-144,-103,-102,-98,-119,-78,-77,-78,-69,-53,-71,-7,-69,-31,-106,-63,-68,0,-80,-71,-92,0,-38,43,43,58,62,87,85,73,71,95,15,83,83,83,83,21,41,45,0,72,0]} 1. e4 e6 2. d4 d5 3. e5 c5 4. c3 Nc6 5. Nf3 Bd7 6. Be2 Nge7 7. O-O cxd4 8. cxd4 Nf5 9. Nc3 Be7 10. a3 Rc8 {C02: French: Advance Variation} 11. g4 (11. Bd3 g6 12. Ne2 Qb6 13. Kh1 h5 14. b4 a5 15. bxa5 Nxa5 16. Rb1 Qa7 17. Bg5 Bxg5 18. Nxg5 {1-0 (28) Dastan,B (2371)-Saric,A (2549) Skopje 2013}) 11... Nh4 12. Nxh4 Bxh4 {LiveBook: 3 Games. The position is equal.} 13. Nb5 $146 ({Predecessor:} 13. f4 f6 14. g5 Ne7 15. Bd3 f5 16. Be3 Ng6 17. Kh1 h6 {1-0 (37) Garcia Fernandez,C (2350)-Del Rey,D (2350) Ibi 1996}) 13... O-O 14. Be3 Be7 15. Bd3 a6 16. Nc3 Na5 17. Qf3 Nc4 18. Qh3 {[%csl Gd3][%cal Rh3h7] [#]} g6 $1 19. Bxc4 Rxc4 20. Qg2 b5 $36 {[%mdl 2048] Black fights for an advantage.} 21. h4 f6 {[%cal Bf7f6,Bf6f5][%mdl 32]} (21... Bxh4 22. g5 $11) 22. f4 f5 23. g5 Qb6 24. Rfc1 Rfc8 25. Na2 $1 a5 26. Rxc4 (26. Qd2 $15) 26... dxc4 $19 ({Much less strong is} 26... bxc4 27. Nc3 $17) ({Don't do} 26... Rxc4 27. b3 $17) 27. Re1 Qc6 28. Qxc6 Bxc6 29. Bd2 Bd8 30. Kf2 Bb6 31. Be3 Rd8 32. Rd1 Kf7 (32... Bc7 $17) 33. Rd2 (33. d5 $1 $11 Bxe3+ 34. Kxe3 exd5 35. Kd4) 33... Rb8 34. Rc2 ({White should play} 34. d5 $1 $15 exd5 35. Bxb6 Rxb6 36. Ke3) 34... Bd5 35. Nc3 Bc6 (35... Bd8 $15) 36. Ne2 (36. Na2 $11 {remains equal.}) 36... Be4 $17 37. Rc1 Bd3 (37... Bd8 $17 {And now ...b4 would win.} 38. Nc3 Bc6) 38. Nc3 (38. d5 $5) 38... Ba7 (38... Bd8 $15) 39. d5 $14 Bxe3+ 40. Kxe3 {[%mdl 4096] Endgame KRB-KRN} b4 41. dxe6+ (41. axb4 {seems wilder.} axb4 42. dxe6+ Kxe6 43. Na4 Rb5 44. b3) 41... Kxe6 {[#]} 42. axb4 $1 axb4 43. Nd1 (43. Na4 $16) 43... b3 (43... Kd5 $1 $11) 44. Ra1 $16 Rd8 {With the idea ...Bc2.} 45. Ra6+ Ke7 46. Ra7+ Ke6 $1 {aiming for ...Bc2.} 47. Ra6+ ({Weaker is} 47. Rxh7 Bc2 $17) 47... Ke7 $1 {...Bc2 is the strong threat.} 48. Ra7+ {Precision: White = 40%, Black = 45%.} ({White should try} 48. Rc6 $16) 1/2-1/2

[Event "28th WSCC Open 65 2018"]
[Site "Bled"]
[Date "2018.11.18"]
[Round "1"]
[White "Nilsson, Weine"]
[Black "Kiefer, Gerhard"]
[Result "0-1"]
[WhiteElo "1976"]
[BlackElo "2306"]
[Annotator "TA"]
[PlyCount "78"]
[EventDate "2018.11.17"]
[EventType "swiss"]
[EventCountry "SLO"]
[SourceTitle "playchess.com"]
[Source "ChessBase"]
[SourceQuality "1"]

{[%evp 21,78,-14,-4,-25,-24,-24,-21,-26,-24,-41,-50,-63,-55,-60,-59,-64,-50,-69,-43,-103,-100,-98,-86,-88,-73,-104,-38,-37,-44,-48,-37,-66,-57,-62,-65,-131,-68,-131,-81,-846,-885,-858,-835,-864,-854,-846,-823,-827,-821,-813,-823,-824,-788,-29990,-29991,-29991,-29992,-29992,-29991]} 1. e4 c5 2. Nc3 Nc6 {[%cal Bb8c6,Bc6d4,Bd4e2][%mdl 32]} 3. g3 g6 4. Bg2 Bg7 5. Nge2 d6 6. d3 e6 7. Be3 Nd4 8. Qd2 Rb8 9. O-O b5 10. Nd1 b4 11. f4 Ne7 {LiveBook: 14 Games. B26: Closed Sicilian: 3 g3, lines with early Be3} 12. c3 (12. g4 f5 13. h3 O-O 14. Ng3 Qa5 15. Bf2 fxe4 16. dxe4 Ba6 17. Re1 Nec6 18. Be3 Qa4 19. b3 {0-1 (42) Krapivin,A (2495)-Azarov,S (2622) Moscow 2010}) 12... Nxe2+ 13. Qxe2 bxc3 {Black has an edge.} 14. bxc3 O-O 15. d4 Qa5 {aiming for ...Ba6.} 16. Rf2 cxd4 17. cxd4 d5 $146 ({Predecessor:} 17... Ba6 18. Qd2 Qa3 19. Qc3 Qxc3 20. Nxc3 Rfc8 21. Rc1 d5 {0-1 (55) Salazar Navas,J (1843)-Cruz,F (2415) Barcelona 2010}) 18. e5 Ba6 19. Qd2 Qa3 20. Bf1 (20. Rf3 $15) 20... Bxf1 $17 21. Kxf1 Rfc8 22. g4 Nc6 23. Rc1 Na5 (23... Nb4 $17 {Hoping for ...Rxc1.} 24. Rc3 Qa4) 24. Rc3 $15 Rxc3 25. Qxc3 Qa4 26. Rc2 Nc4 27. Bc1 Bf8 28. Kf2 {[#]} (28. Qd3 $15) 28... Ba3 (28... Rb4 $1 $17 {Threatens to win with ...Na3!} 29. Qd3 {[#]} Na3 $1 {[%mdl 512]}) 29. Be3 ({White should try} 29. Bxa3 $15 Nxa3 30. Rd2) 29... Rb1 $36 {[%mdl 2048] Black has strong initiative.} 30. Ke2 $2 {[%mdl 8192]} (30. Qd3 $17 Ra1 31. Nc3) 30... Qb5 $19 (30... Bb4 $2 31. Qd3 $19) 31. Bc1 Bxc1 32. Rxc1 Rxc1 33. Qxc1 Nxe5+ {[%mdl 64] Discovered Attack} 34. Kd2 Qd3+ {[%mdl 64] Double Attack} 35. Ke1 Nf3+ {[%mdl 64] Double Attack} 36. Kf2 Nxd4 {( -> ...Qf3+)} 37. Ne3 Qe2+ {Black mates.} 38. Kg3 Qf3+ 39. Kh4 Qxf4 {Accuracy: White = 28%, Black = 72%.} 0-1

[Event "28th WSCC Open 65 2018"]
[Site "Bled"]
[Date "2018.11.19"]
[Round "2"]
[White "Vaisser, Anatoli"]
[Black "Vinke, Dietmar"]
[Result "1-0"]
[WhiteElo "2504"]
[BlackElo "2163"]
[Annotator "TA"]
[PlyCount "131"]
[EventDate "2018.11.17"]
[EventType "swiss"]
[EventCountry "SLO"]
[SourceTitle "playchess.com"]
[Source "ChessBase"]
[SourceQuality "1"]

{[%evp 16,131,27,25,64,70,97,0,1,7,0,0,-5,-12,0,-10,-5,-35,0,0,0,0,0,0,0,0,0,0,0,-25,0,0,0,0,0,0,10,9,23,16,15,0,49,44,51,49,40,41,85,79,110,110,154,154,149,148,138,145,176,146,129,129,274,262,279,244,221,284,253,274,266,276,261,220,282,263,279,216,208,208,319,319,889,817,11647,6150,12812,29942,12136,6398,5501,5197,2537,2364,1883,1480,5089,749,29964,29956,29972,29974,29975,29976,29976,29976,29976,29977,29976,29977,29986,29987,29988,29989,29989,29990,29990,29991]} 1. d4 Nf6 2. c4 g6 3. Nc3 Bg7 4. e4 d6 5. f4 O-O 6. Nf3 e5 7. dxe5 dxe5 8. Qxd8 {E76: King's Indian: Four Pawns Attack: Lines specific to 6 Nf3 move-order} (8. Nxe5 Qxd1+ 9. Kxd1 Na6 10. Be2 Rd8+ 11. Kc2 Nxe4 12. Nxe4 Bf5 13. Bf3 Nc5 14. Re1 Bxe5 15. fxe5 Rd4 16. Kc3 Rd3+ 17. Kc2 Rd4 18. Kc3 Rd3+ 19. Kb4 Na6+ 20. Ka5 b6+ 21. Kxa6 Bc8+ 22. Kb5 Bd7+ 23. Ka6 Bc8+ 24. Kb5 Bd7+ 25. Ka6 {½-½ (25) Mamedyarov,S (2752)-Svidler,P (2746) Baku 2008}) 8... Rxd8 9. Nxe5 {LiveBook: 14 Games} Nxe4 10. Nxe4 {White is slightly better.} f6 11. Nf3 ({White should try} 11. c5 $16) 11... Re8 $1 $11 12. Kf2 {Strongly threatening Nc3.} Rxe4 13. Bd3 Re8 14. f5 $146 ({Predecessor:} 14. Be3 Nc6 15. Rad1 Bg4 {½-½ (41) Thomas,I (2107)-Siewert,M (2184) Goch 2010}) 14... gxf5 15. Nh4 Nc6 {[%cal Bb8c6,Bc6e5,Be5d3][%mdl 32]} 16. Bxf5 Ne5 17. Bf4 Bxf5 18. Nxf5 Nd3+ 19. Kf3 Nxf4 20. Kxf4 Re2 {...Rf2+ is the strong threat.} 21. Kf3 Rae8 22. Rad1 (22. b3 {with more complications.} Bf8 23. Rhd1 Bc5 24. g4 h5 25. Rd7) 22... Bf8 {[#]} 23. Rd8 $1 {[%mdl 512]} Rxd8 24. Kxe2 {[%mdl 4096] Endgame KRB-KRN} Kf7 25. Rf1 c6 26. Rf3 Re8+ 27. Re3 Rd8 28. Rb3 (28. Rd3 {is interesting.} Re8+ 29. Kf3 Re5 30. Ng3 Ke6 31. Rd8) 28... Rd7 (28... Kg6 {looks sharper.} 29. Nh4+ Kh5 30. g3 Rd7 31. h3 Bh6) 29. Rd3 Rxd3 30. Kxd3 $14 {KB-KN} Kg6 31. Ke4 Kg5 32. h3 h5 33. Nd4 {And now Ne6+ would win.} Be7 34. Ne6+ Kg6 35. b3 a6 36. c5 h4 37. Kf4 a5 38. Ke4 f5+ (38... Kf7 $16 {keeps fighting.} 39. Kf5 Ke8) 39. Ke5 $18 Bf6+ 40. Kd6 $1 f4 41. Nxf4+ Kf5 42. Ne2 Be5+ 43. Kd7 Ke4 44. Ng1 Kd5 45. Nf3 Bf6 46. Kc7 Kxc5 47. Kxb7 Kb4 (47... Kd5 $142 48. a4 Kc5) 48. Kxc6 Ka3 $2 {[#]} (48... Be7 49. Ne5 Ka3) 49. Kb5 $1 {[%cal Rb5a5]} Kxa2 50. b4 axb4 51. Kxb4 Kb2 52. Kc4 Kc2 53. Kd5 Kd3 {[#]} 54. Ke6 $1 {[%cal Re6f6]} Bd8 55. Kf5 Ke3 56. Kg4 (56. Nxh4 $142 Kf2 57. Kg4) 56... Kf2 57. Nxh4 {White mates.} Bc7 58. Ng6 Kxg2 59. h4 {[%cal Bh3h4,Bh4h5,Bh5h6,Bh6h7][%mdl 32]} Ba5 60. h5 Bd2 61. Nf4+ Kf2 62. h6 Bc3 63. Kf5 Bd2 64. h7 Bc3 65. Nd3+ Ke3 66. Ne5 {Accuracy: White = 78%, Black = 28%.} 1-0

[Event "28th WSCC Open 65 2018"]
[Site "Bled"]
[Date "2018.11.19"]
[Round "2"]
[White "Rashkovsky, Nukhim N"]
[Black "Raikin, Leonid"]
[Result "1-0"]
[WhiteElo "2482"]
[BlackElo "2144"]
[Annotator "TA"]
[PlyCount "59"]
[EventDate "2018.11.17"]
[EventType "swiss"]
[EventCountry "SLO"]
[SourceTitle "playchess.com"]
[Source "ChessBase"]
[SourceQuality "1"]

{[%evp 10,59,0,-11,0,-35,-17,-31,35,30,22,34,41,31,38,37,231,223,202,198,309,189,295,286,471,465,447,376,365,220,229,221,217,217,233,200,181,210,348,345,327,338,349,350,369,366,352,374,420,402,506,504]} 1. e4 c6 2. d3 d5 3. Qe2 dxe4 4. dxe4 e5 5. Nf3 Qc7 (5... Nf6 6. Nbd2 Qc7 7. Nc4 Nbd7 8. Bd2 a5 9. Bc3 Bb4 10. O-O-O O-O 11. Qe1 {1-0 (45) Bauer,C (2629)-Svane,R (2595) Batumi 2018}) 6. Nbd2 {[%cal Bb1d2,Bd2c4,Bc4e3,Be3f5,Bf5h6,Bh6f7][%mdl 32] LiveBook: 4 Games. B10: Caro-Kann: 2 d3 and 2 c4} Be7 7. Nc4 Nd7 $146 ({Predecessor:} 7... f6 8. Nh4 g6 9. g3 Be6 10. f4 Nd7 11. Bd2 {1-0 (44) Drljevic,L (2199)-Jovanovic,D (2050) Belgrade 2006}) 8. Bd2 {The position is equal.} b5 ({Black should try} 8... Ngf6 $15) 9. Ba5 $14 Qb8 10. Ne3 g6 11. h4 $36 {[%mdl 2048] White is more active.} Ngf6 12. h5 Nxh5 $2 {[#]} (12... Nc5 $14) 13. Rxh5 $1 $18 {[%mdl 512]} gxh5 14. Nf5 Bf6 (14... Bd8 $142 15. Bxd8 Kxd8) 15. O-O-O {aiming for Rd6.} O-O (15... Nb6 $142) 16. Rd6 {Threatens to win with Qe3.} Kh8 $2 (16... Bg7 17. Rxc6 Nb6) 17. Qd2 Rg8 18. Nh6 (18. Rxd7 Bxd7 19. Qxd7 Qe8 $16) 18... Rg6 {With the idea ...Rxh6!} 19. Nxf7+ ({Weaker is} 19. Rxd7 Bxd7 20. Nxf7+ Kg8 $11) 19... Kg7 20. Rxd7 Bxd7 21. Qxd7 {[#] N7g5+ would kill now.} Qe8 22. N7xe5+ Qxd7 23. Nxd7 Bg5+ (23... Rg4 $142 24. Nxf6 Kxf6) 24. Nxg5 Rxg5 25. Bc3+ Kg8 26. g3 Rg6 27. Nf6+ Kf7 28. Nxh5 ({Less strong is} 28. Nxh7 h4 $16) 28... Rd8 29. Bd3 Rg5 30. Bf6 {[%mdl 64] Double Attack. Accuracy: White = 76%, Black = 26%.} 1-0

[Event "28th WSCC Open 65 2018"]
[Site "Bled"]
[Date "2018.11.19"]
[Round "2"]
[White "Jansa, Vlastimil"]
[Black "Iudicello, Giovanni"]
[Result "1-0"]
[WhiteElo "2437"]
[BlackElo "2138"]
[Annotator "TA"]
[PlyCount "105"]
[EventDate "2018.11.17"]
[EventType "swiss"]
[EventCountry "SLO"]
[SourceTitle "playchess.com"]
[Source "ChessBase"]
[SourceQuality "1"]

{[%evp 38,105,7,6,7,8,20,10,24,0,24,0,0,0,0,-10,0,0,0,0,4,5,6,6,10,11,68,68,70,52,114,111,137,135,158,150,256,115,272,246,369,364,479,433,378,158,133,140,209,201,206,187,191,165,353,341,383,383,584,476,476,457,838,803,2139,1741,29966,29966,6303,6303]} 1. e4 e5 2. Nf3 Nc6 3. Bb5 a6 4. Ba4 Nf6 5. O-O Be7 6. Re1 b5 7. Bb3 d6 8. c3 O-O 9. h3 Na5 10. Bc2 c5 11. d4 Qc7 12. Nbd2 cxd4 13. cxd4 Nc6 14. Nb3 a5 15. Be3 a4 16. Nbd2 Bd7 17. Rc1 Qb7 18. a3 {C99: Closed Ruy Lopez: Chigorin Defence: 11 d4 Qc7 12 Nbd2 cxd4} (18. Nf1 Rfc8 19. Ng3 Bd8 20. Bb1 Bb6 21. a3 Qa7 22. dxe5 Nxe5 23. Rxc8+ Rxc8 24. Nxe5 dxe5 25. Ba2 Rc6 {1-0 (50) Kokarev,D (2643)-Sjugirov,S (2670) Khanty-Mansiysk 2016}) 18... Rfe8 19. Bb1 h6 20. Qe2 {LiveBook: 4 Games. The position is equal.} Bd8 21. dxe5 Nxe5 22. Nxe5 dxe5 23. Bc5 $146 ({Predecessor:} 23. Nf3 Bb6 24. Bxb6 Qxb6 {1-0 (47) De Amorim Neto,J (2454)-Marczykoski,P (2325) ICCF email 2006}) 23... Bc6 24. Rc3 Ba5 25. Bb4 Bxb4 26. axb4 Rad8 27. Nf3 Rd6 28. Bd3 Nh5 29. g3 Nf6 {[#]} 30. Rxc6 $1 {[%mdl 576] Remove Defender} Rxc6 (30... Qxc6 31. Bxb5) 31. Bxb5 {[%mdl 64] Double Attack} Rcc8 ({Black should try} 31... Rec8 $11 32. Bxc6 Rxc6) 32. Bxe8 $14 Rxe8 33. b5 Nd7 ({Black should play} 33... Rb8 $14) 34. Qc4 $16 Rb8 35. Rd1 ({Much less strong is} 35. Qxa4 $6 Qxb5 36. Qd1 Nf8 $14) 35... Nb6 36. Qc6 Qe7 (36... Qxc6 $16 {was necessary.} 37. bxc6 Rc8) 37. Qc3 (37. Nh4 $18) 37... f6 $2 {[#]} (37... Rc8 $16 38. Qxe5 Qxe5 39. Nxe5 Rc5 40. Rd8+ Kh7) 38. Nh4 Rc8 (38... Qe6 $142 39. Qc7 Qc8) 39. Nf5 $18 Qf8 40. Qe3 Rb8 41. Nd6 (41. Rc1 $18 {is more deadly.} Rb7 42. Qd3) 41... Nc8 $16 42. Qc5 {Qc7 is the strong threat.} Nxd6 (42... Kh7 $16) 43. Rxd6 $18 Rxb5 44. Qxb5 Qxd6 45. Qxa4 $16 {[%mdl 4096] Endgame KQ-KQ} Qd2 $2 (45... Qd3 {was called for.}) 46. Qc4+ $18 Kf8 47. b4 {[%cal Bb2b4,Bb4b5][%mdl 32]} Ke7 (47... Qd1+ $142 48. Kg2 Qa4 49. Qc5+ Ke8) 48. Kg2 Qd7 49. b5 Qd6 (49... Qb7 $142 50. h4 g6) 50. h4 h5 51. Qg8 Qb4 52. Qxg7+ Ke6 53. Qb7 {Accuracy: White = 63%, Black = 20%.} 1-0